| 000 | 00982nam a22002057a 4500 | ||
|---|---|---|---|
| 999 |
_c21560 _d21560 |
||
| 003 | AR-CdUCM | ||
| 008 | 190312b ||||| |||| 00| 0 spa d | ||
| 020 | _a9786073213127 | ||
| 040 |
_aMUNICIPALIDAD PROVINCIAL DEL CUSCO _cBIBLIOTECA MUNICIPAL DEL CUSCO |
||
| 082 |
_a174/V43 _bV43 _2séptima |
||
| 100 |
_aVelasquez Manuel G _945360 |
||
| 245 |
_aÉtica en los negocios conceptos y casos / _cManuel G. Velasquez |
||
| 260 |
_aMéxico : _bPearson, _c2012. |
||
| 300 |
_a496 páginas. : _bilustraciones ; _c25x20 cm. |
||
| 505 | _aContenido: Ética y negocios, Principios éticos en los negocios, El sistema de negocios, Ética en el mercado, La ética y el medio ambiente, Ética de la producción y marketing de artículos de consumo, La ética a la discriminación en el trabajo, El individuo en la organización, notas, Créditos de fotos, Créditos de textos, Índice. | ||
| 650 |
_aÉtica _91337 |
||
| 650 |
_aAdministración _945361 |
||
| 942 |
_2ddc _cLIBROS |
||
| 945 | _aRoel | ||